000 00547nam a2200181 i 4500
001 20979
003 ES-MaACL
005 20230906152409.0
007 t|
008 021120s1932 sp ||||1| spa d
100 1 _aAlarcón Capilla, Antonio.
_919137
245 1 0 _aRaza cara a los dioses
_b: novela /
_cAntonio Alarcón Capilla.
260 _aMadrid :
_b[s.n.,
_c1932] (
_fTalls. Poligráficos)
300 _a187 p. ;
_c19 cm.
500 _aPrimera parte de "El hombre universal"
740 3 _aEl hombre universal.
852 _aES-MaACL
_jA-3928
999 _c20979
_d20979